<?xml version="1.0" encoding="UTF-8"?>
<record
    xmlns:xsi="http://www.w3.org/2001/XMLSchema-instance"
    xsi:schemaLocation="http://www.loc.gov/MARC21/slim http://www.loc.gov/standards/marcxml/schema/MARC21slim.xsd"
    xmlns="http://www.loc.gov/MARC21/slim">

  <leader>00510nam a2200181   4500</leader>
  <controlfield tag="003">SEACOMEC</controlfield>
  <controlfield tag="005">20240525122355.0</controlfield>
  <controlfield tag="008">240525b        |||||||| |||| 00| 0 eng d</controlfield>
  <datafield tag="020" ind1=" " ind2=" ">
    <subfield code="a"> 0876920547.</subfield>
    <subfield code="c">Rs.235.00</subfield>
  </datafield>
  <datafield tag="040" ind1=" " ind2=" ">
    <subfield code="a">SEACOMEC</subfield>
  </datafield>
  <datafield tag="082" ind1=" " ind2=" ">
    <subfield code="a">539.2</subfield>
    <subfield code="b">J82</subfield>
  </datafield>
  <datafield tag="100" ind1=" " ind2=" ">
    <subfield code="a"> Jordan, Edward C.</subfield>
  </datafield>
  <datafield tag="245" ind1="1" ind2=" ">
    <subfield code="a">Electromagnetic Waves and Radiating Systems</subfield>
    <subfield code="c"> Edward C. Jordan and Keith G. Balmain</subfield>
  </datafield>
  <datafield tag="250" ind1=" " ind2=" ">
    <subfield code="a">2nd ed.</subfield>
  </datafield>
  <datafield tag="260" ind1=" " ind2=" ">
    <subfield code="a"> Delhi </subfield>
    <subfield code="b">pearson</subfield>
    <subfield code="c">2007</subfield>
  </datafield>
  <datafield tag="650" ind1=" " ind2=" ">
    <subfield code="a"> Electromagnetic Analysis </subfield>
  </datafield>
  <datafield tag="942" ind1=" " ind2=" ">
    <subfield code="c">BOOK</subfield>
  </datafield>
  <datafield tag="952" ind1=" " ind2=" ">
    <subfield code="0">0</subfield>
    <subfield code="1">0</subfield>
    <subfield code="2">ddc</subfield>
    <subfield code="4">0</subfield>
    <subfield code="7">0</subfield>
    <subfield code="a">SEACOMEC</subfield>
    <subfield code="b">SEACOMEC</subfield>
    <subfield code="d">2008-01-30</subfield>
    <subfield code="l">0</subfield>
    <subfield code="o">539.2 J82</subfield>
    <subfield code="p">9454</subfield>
    <subfield code="r">2024-05-25 12:29:39</subfield>
    <subfield code="w">2024-05-25</subfield>
    <subfield code="y">BOOK</subfield>
  </datafield>
  <datafield tag="952" ind1=" " ind2=" ">
    <subfield code="0">0</subfield>
    <subfield code="1">0</subfield>
    <subfield code="2">ddc</subfield>
    <subfield code="4">0</subfield>
    <subfield code="7">0</subfield>
    <subfield code="a">SEACOMEC</subfield>
    <subfield code="b">SEACOMEC</subfield>
    <subfield code="d">2008-01-30</subfield>
    <subfield code="l">0</subfield>
    <subfield code="o">539.2 J82</subfield>
    <subfield code="p">9455</subfield>
    <subfield code="r">2024-05-25 12:30:30</subfield>
    <subfield code="t">1</subfield>
    <subfield code="w">2024-05-25</subfield>
    <subfield code="y">BOOK</subfield>
  </datafield>
  <datafield tag="952" ind1=" " ind2=" ">
    <subfield code="0">0</subfield>
    <subfield code="1">0</subfield>
    <subfield code="2">ddc</subfield>
    <subfield code="4">0</subfield>
    <subfield code="7">0</subfield>
    <subfield code="a">SEACOMEC</subfield>
    <subfield code="b">SEACOMEC</subfield>
    <subfield code="d">2008-01-30</subfield>
    <subfield code="l">0</subfield>
    <subfield code="o">539.2 J82</subfield>
    <subfield code="p">9456</subfield>
    <subfield code="r">2024-05-25 12:30:30</subfield>
    <subfield code="t">2</subfield>
    <subfield code="w">2024-05-25</subfield>
    <subfield code="y">BOOK</subfield>
  </datafield>
  <datafield tag="952" ind1=" " ind2=" ">
    <subfield code="0">0</subfield>
    <subfield code="1">0</subfield>
    <subfield code="2">ddc</subfield>
    <subfield code="4">0</subfield>
    <subfield code="7">0</subfield>
    <subfield code="a">SEACOMEC</subfield>
    <subfield code="b">SEACOMEC</subfield>
    <subfield code="d">2008-01-30</subfield>
    <subfield code="l">0</subfield>
    <subfield code="o">539.2 J82</subfield>
    <subfield code="p">9457</subfield>
    <subfield code="r">2024-05-25 12:30:30</subfield>
    <subfield code="t">3</subfield>
    <subfield code="w">2024-05-25</subfield>
    <subfield code="y">BOOK</subfield>
  </datafield>
  <datafield tag="952" ind1=" " ind2=" ">
    <subfield code="0">0</subfield>
    <subfield code="1">0</subfield>
    <subfield code="2">ddc</subfield>
    <subfield code="4">0</subfield>
    <subfield code="7">0</subfield>
    <subfield code="a">SEACOMEC</subfield>
    <subfield code="b">SEACOMEC</subfield>
    <subfield code="d">2008-01-30</subfield>
    <subfield code="l">0</subfield>
    <subfield code="o">539.2 J82</subfield>
    <subfield code="p">9458</subfield>
    <subfield code="r">2024-05-25 12:30:30</subfield>
    <subfield code="t">4</subfield>
    <subfield code="w">2024-05-25</subfield>
    <subfield code="y">BOOK</subfield>
  </datafield>
  <datafield tag="952" ind1=" " ind2=" ">
    <subfield code="0">0</subfield>
    <subfield code="1">0</subfield>
    <subfield code="2">ddc</subfield>
    <subfield code="4">0</subfield>
    <subfield code="7">0</subfield>
    <subfield code="a">SEACOMEC</subfield>
    <subfield code="b">SEACOMEC</subfield>
    <subfield code="d">2008-01-30</subfield>
    <subfield code="l">0</subfield>
    <subfield code="o">539.2 J82</subfield>
    <subfield code="p">9459</subfield>
    <subfield code="r">2024-05-25 12:30:30</subfield>
    <subfield code="t">5</subfield>
    <subfield code="w">2024-05-25</subfield>
    <subfield code="y">BOOK</subfield>
  </datafield>
  <datafield tag="952" ind1=" " ind2=" ">
    <subfield code="0">0</subfield>
    <subfield code="1">0</subfield>
    <subfield code="2">ddc</subfield>
    <subfield code="4">0</subfield>
    <subfield code="7">0</subfield>
    <subfield code="a">SEACOMEC</subfield>
    <subfield code="b">SEACOMEC</subfield>
    <subfield code="d">2008-01-30</subfield>
    <subfield code="l">0</subfield>
    <subfield code="o">539.2 J82</subfield>
    <subfield code="p">9460</subfield>
    <subfield code="r">2024-05-25 12:30:30</subfield>
    <subfield code="t">6</subfield>
    <subfield code="w">2024-05-25</subfield>
    <subfield code="y">BOOK</subfield>
  </datafield>
  <datafield tag="952" ind1=" " ind2=" ">
    <subfield code="0">0</subfield>
    <subfield code="1">0</subfield>
    <subfield code="2">ddc</subfield>
    <subfield code="4">0</subfield>
    <subfield code="7">0</subfield>
    <subfield code="a">SEACOMEC</subfield>
    <subfield code="b">SEACOMEC</subfield>
    <subfield code="d">2008-01-30</subfield>
    <subfield code="l">0</subfield>
    <subfield code="o">539.2 J82</subfield>
    <subfield code="p">9461</subfield>
    <subfield code="r">2024-05-25 12:30:30</subfield>
    <subfield code="t">7</subfield>
    <subfield code="w">2024-05-25</subfield>
    <subfield code="y">BOOK</subfield>
  </datafield>
  <datafield tag="952" ind1=" " ind2=" ">
    <subfield code="0">0</subfield>
    <subfield code="1">0</subfield>
    <subfield code="2">ddc</subfield>
    <subfield code="4">0</subfield>
    <subfield code="7">0</subfield>
    <subfield code="a">SEACOMEC</subfield>
    <subfield code="b">SEACOMEC</subfield>
    <subfield code="d">2008-01-30</subfield>
    <subfield code="l">0</subfield>
    <subfield code="o">539.2 J82</subfield>
    <subfield code="p">9462</subfield>
    <subfield code="r">2024-05-25 12:30:30</subfield>
    <subfield code="t">8</subfield>
    <subfield code="w">2024-05-25</subfield>
    <subfield code="y">BOOK</subfield>
  </datafield>
  <datafield tag="952" ind1=" " ind2=" ">
    <subfield code="0">0</subfield>
    <subfield code="1">0</subfield>
    <subfield code="2">ddc</subfield>
    <subfield code="4">0</subfield>
    <subfield code="7">0</subfield>
    <subfield code="a">SEACOMEC</subfield>
    <subfield code="b">SEACOMEC</subfield>
    <subfield code="d">2008-01-30</subfield>
    <subfield code="l">0</subfield>
    <subfield code="o">539.2 J82</subfield>
    <subfield code="p">9463</subfield>
    <subfield code="r">2024-05-25 12:30:30</subfield>
    <subfield code="t">9</subfield>
    <subfield code="w">2024-05-25</subfield>
    <subfield code="y">BOOK</subfield>
  </datafield>
  <datafield tag="952" ind1=" " ind2=" ">
    <subfield code="0">0</subfield>
    <subfield code="1">0</subfield>
    <subfield code="2">ddc</subfield>
    <subfield code="4">0</subfield>
    <subfield code="7">0</subfield>
    <subfield code="a">SEACOMEC</subfield>
    <subfield code="b">SEACOMEC</subfield>
    <subfield code="d">2008-01-30</subfield>
    <subfield code="l">0</subfield>
    <subfield code="o">539.2 J82</subfield>
    <subfield code="p">9464</subfield>
    <subfield code="r">2024-05-25 12:30:30</subfield>
    <subfield code="t">10</subfield>
    <subfield code="w">2024-05-25</subfield>
    <subfield code="y">BOOK</subfield>
  </datafield>
  <datafield tag="952" ind1=" " ind2=" ">
    <subfield code="0">0</subfield>
    <subfield code="1">0</subfield>
    <subfield code="2">ddc</subfield>
    <subfield code="4">0</subfield>
    <subfield code="7">0</subfield>
    <subfield code="a">SEACOMEC</subfield>
    <subfield code="b">SEACOMEC</subfield>
    <subfield code="d">2008-01-30</subfield>
    <subfield code="l">0</subfield>
    <subfield code="o">539.2 J82</subfield>
    <subfield code="p">9465</subfield>
    <subfield code="r">2024-05-25 12:30:30</subfield>
    <subfield code="t">11</subfield>
    <subfield code="w">2024-05-25</subfield>
    <subfield code="y">BOOK</subfield>
  </datafield>
  <datafield tag="952" ind1=" " ind2=" ">
    <subfield code="0">0</subfield>
    <subfield code="1">0</subfield>
    <subfield code="2">ddc</subfield>
    <subfield code="4">0</subfield>
    <subfield code="7">0</subfield>
    <subfield code="a">SEACOMEC</subfield>
    <subfield code="b">SEACOMEC</subfield>
    <subfield code="d">2008-01-30</subfield>
    <subfield code="l">0</subfield>
    <subfield code="o">539.2 J82</subfield>
    <subfield code="p">9466</subfield>
    <subfield code="r">2024-05-25 12:30:30</subfield>
    <subfield code="t">12</subfield>
    <subfield code="w">2024-05-25</subfield>
    <subfield code="y">BOOK</subfield>
  </datafield>
  <datafield tag="952" ind1=" " ind2=" ">
    <subfield code="0">0</subfield>
    <subfield code="1">0</subfield>
    <subfield code="2">ddc</subfield>
    <subfield code="4">0</subfield>
    <subfield code="7">0</subfield>
    <subfield code="a">SEACOMEC</subfield>
    <subfield code="b">SEACOMEC</subfield>
    <subfield code="d">2008-01-30</subfield>
    <subfield code="l">0</subfield>
    <subfield code="o">539.2 J82</subfield>
    <subfield code="p">9467</subfield>
    <subfield code="r">2024-05-25 12:30:30</subfield>
    <subfield code="t">13</subfield>
    <subfield code="w">2024-05-25</subfield>
    <subfield code="y">BOOK</subfield>
  </datafield>
  <datafield tag="952" ind1=" " ind2=" ">
    <subfield code="0">0</subfield>
    <subfield code="1">0</subfield>
    <subfield code="2">ddc</subfield>
    <subfield code="4">0</subfield>
    <subfield code="7">0</subfield>
    <subfield code="a">SEACOMEC</subfield>
    <subfield code="b">SEACOMEC</subfield>
    <subfield code="d">2008-01-30</subfield>
    <subfield code="l">0</subfield>
    <subfield code="o">539.2 J82</subfield>
    <subfield code="p">9468</subfield>
    <subfield code="r">2024-05-25 12:30:30</subfield>
    <subfield code="t">14</subfield>
    <subfield code="w">2024-05-25</subfield>
    <subfield code="y">BOOK</subfield>
  </datafield>
  <datafield tag="999" ind1=" " ind2=" ">
    <subfield code="c">1222</subfield>
    <subfield code="d">1222</subfield>
  </datafield>
</record>
